Steel structures : (Record no. 1297)
[ view plain ]
| 000 -LEADER | |
|---|---|
| fixed length control field | 00450 a2200145 4500 |
| 020 ## - INTERNATIONAL STANDARD BOOK NUMBER | |
| International Standard Book Number | 9812530258 |
| 082 ## - DEWEY DECIMAL CLASSIFICATION NUMBER | |
| Classification number | 624.1821 ENG |
| 100 ## - MAIN ENTRY--PERSONAL NAME | |
| Personal name | Englekirk, Robert E., |
| 245 ## - TITLE STATEMENT | |
| Title | Steel structures : |
| Remainder of title | controlling behavior through design / |
| Statement of responsibility, etc. | Robert Englekirk. |
| 260 ## - PUBLICATION, DISTRIBUTION, ETC. | |
| Place of publication, distribution, etc. | New York : |
| Name of publisher, distributor, etc. | Wiley, |
| Date of publication, distribution, etc. | 2003. |
| 300 ## - PHYSICAL DESCRIPTION | |
| Extent | xxii, 807 p. : |
| Other physical details | ill. ; |
| Dimensions | 26 cm. |
| 650 ## - SUBJECT ADDED ENTRY--TOPICAL TERM | |
| Topical term or geographic name entry element | Building, Iron and steel. |
| 650 ## - SUBJECT ADDED ENTRY--TOPICAL TERM | |
| Topical term or geographic name entry element | Structural design. |
| 650 ## - SUBJECT ADDED ENTRY--TOPICAL TERM | |
| Topical term or geographic name entry element | Steel, Structural. |
| 650 ## - SUBJECT ADDED ENTRY--TOPICAL TERM | |
| Topical term or geographic name entry element | Load factor design. |
| Withdrawn status | Lost status | Damaged status | Not for loan | Permanent Location | Current Location | Shelving location | Date acquired | Total Checkouts | Full call number | Barcode | Date last seen | Price effective from | Koha item type | Date last checked out |
|---|---|---|---|---|---|---|---|---|---|---|---|---|---|---|
| School of Civil and Environmental Engineering (SCEE) | School of Civil and Environmental Engineering (SCEE) | 624.1821 ENG | NIT-3727 | 01/05/2017 | 01/05/2017 | Book | ||||||||
| School of Civil and Environmental Engineering (SCEE) | School of Civil and Environmental Engineering (SCEE) | 01/05/2017 | NIT-792 | 01/05/2017 | 01/05/2017 | Book | ||||||||
| School of Civil and Environmental Engineering (SCEE) | School of Civil and Environmental Engineering (SCEE) | 01/05/2017 | 3 | NIT-4302 | 06/24/2025 | 01/05/2017 | Book | 06/24/2025 | ||||||
| School of Civil and Environmental Engineering (SCEE) | School of Civil and Environmental Engineering (SCEE) | 01/05/2017 | 2 | NIT-391 | 10/29/2020 | 01/05/2017 | Book | 10/15/2020 |
